00816nam a22001937a 4500999001900000005001700019010001500036020003100051035001400082037001300096082001400109245008500123260004400208270007700252300009700329700002900426942002800455952013900483 c178573d17857320210406171828.0 aENG-129376 a978-93-5388-314-0c1495.00 aEN-112908 bDBAD/PUB a333.70954 aCritical Themes in Environmental History of India/cEdited by Ranjan Chakrabarti aNew DelhibSage Publication Indiac2020 aB1/1-1 Mohan Cooperative Industrial Area Mathura RoadbNew Delhie110044 axii+476p.c24cm(hbk)bIncluding illustrations, tables, index and bibliographical references. aChakrabarti, Ranjan, Ed. 2ddccENh333.70954mCRI 001040708NFICaLbLd2021-04-06eDBAD/PUBg1495.00l4m2o333.70954 CRIpEN-112908r2024-02-26 00:00:00s2023-12-27t1v1495.00yEN